01840cam a22003374a 450000100090000000300040000900500170001300800410003001000170007102000300008802000270011803500240014504000420016904200080021105000220021908200170024110000160025824501110027426000420038530000350042750400640046250506660052665000330119265000350122570000260126070000250128690600450131194200120135699900150136895201190138316657062OSt20180117085950.0110217s2011 caua b 001 0 eng  a 2011006872 a9788132106340 (hard back) a8132106342 (hard back) a(OCoLC)ocn703623700 aDLCcDLCdYDXdYDXCPdBWXdDKAGEdDLC apcc00aHM1211b.P38 201100a303.48/22221 aPatel, Fay.10aIntercultural communication :bbuilding a global community /cFay Patel, Mingsheng Li, Prahalad Sooknanan. aThousand Oaks, Calif. :bSAGE,c2011. axxii, 201 p. :bill. ;c23 cm. aIncludes bibliographical references (p. 181-193) and index.0 aConcepts in intercultural communication -- Building a global community -- Overview of intercultural communication -- Exploring surface and deep levels of intercultural communication -- Global community engagement -- Education for the global citizen -- Intercultural communication in the global workplace -- Cultural perceptions on environment and global contexts -- Technology as cultural power and its social impact -- Critical issues in intercultural communication -- Intercultural communication in practice : challenges and barriers -- Critical perspectives in intercultural communication events -- Family -- Religion -- History -- Culture, gender, and race. 0aIntercultural communication. 0aGlobalizationxSocial aspects.1 aLi, Mingsheng,d1957-1 aSooknanan, Prahalad. a7bcbccorignewd1eecipf20gy-gencatlg 2ddccBK c2845d2845 00102ddc40708NFICaCLbCLcGENd2016-03-21l1o303.48/2 PATpS3H-S-457r2019-07-27s2019-03-18w2016-03-21yBK